=LDR 00000nam 2200000 4500 =001 INLIS000000000039105 =005 20130612144746 =008 ***********************************ind** =035 ##$$0010-061300000039105 =041 ##$$a ind =082 ##$$a 813 =090 ##$$a 813, dum b =100 ##$$a Dunn, Matt =245 ##$$a Best Men =650 ##$$a Fiksi =850 ##$$a NBPNMAT